| 000 -ლიდერი |
| ფიქსირებული სიგრძის საკონტროლო ველი |
00865nam a22001937a 4500 |
| 003 - საკონტროლო ნომრის იდენტიფიკატორი |
| საკონტროლო ველი |
Ge_BSU |
| 005 - ბოლო ოპერაციის თარიღი და დრო |
| საკონტროლო ველი |
20240624164439.0 |
| 008 - ფიქსირებული სიგრძის მონაცემთა ელემენტები - ზოგადი ინფორმაცია |
| ფიქსირებული სიგრძის საკონტროლო ველი |
240624s1987 ge ||||| |||| 00| 0 geo d |
| 041 ## - ენის კოდი |
| Language code of text/sound track or separate title |
geo |
| 080 ## - უნივერსალური ათობითი კლასიფიკაციის ინდექსი |
| Universal Decimal Classification number |
613.9-055.1 შ-56 |
| 100 ## - მთავარი ჩანაწერი - პიროვნების სახელი |
| Personal name |
შენკმანი, სტივ |
| 9 (RLIN) |
22558 |
| 245 ## - ცნობა სათაურის შესახებ |
| Title |
ჩვენ-მამაკაცები / |
| Statement of responsibility, etc |
სტივ შენკმანი; [თარგმნა მ. ქანთარიამ]; რედ.ნ. თეთრაძე. |
| 264 ## - წარმოების, გამოცემის, დისტრიბუციის და სხვა ცნობები |
| გამოცემის, წარმოების, დისტრიბუციის... ადგილი |
თბ. : |
| გამოცემის, წარმოების, დისტრიბუციის... სახელწოდება |
საბჭ. საქართველო, |
| გამოცემის, წარმოების, დისტრიბუციის... თარიღი |
1987. |
| 300 ## - ფიზიკური აღწერა |
| Extent |
300გვ. : |
| Other physical details |
ილ. ; |
| Dimensions |
20სმ. |
| 653 ## - INDEX TERM--UNCONTROLLED |
| Uncontrolled term |
მამაკაცთა ჰიგიენა |
| 700 ## - ADDED ENTRY--PERSONAL NAME |
| Personal name |
ქანთარია, მ. |
| Relator term |
მთარგმნელი |
| 9 (RLIN) |
4348 |
| 700 ## - ADDED ENTRY--PERSONAL NAME |
| Personal name |
თეთრაძე, ნ. |
| Relator term |
მთარგმნელი |
| 9 (RLIN) |
5067 |
| 942 ## - ADDED ENTRY ELEMENTS (KOHA) |
| Source of classification or shelving scheme |
|
| Koha item type |
წიგნი |